MAASAI MARA UNIVERSITY

LIBRARY CATALOGUE

Contact Us: +254 020 2685356/7 or 0774 057787

Box: 861-20500, NAROK, KENYA

Email: info@mmarau.ac.ke

Management of biological nitrogen fixation for the development of more productive and sustainable agricultural systems : (Record no. 19293)

MARC details
000 -LEADER
fixed length control field 01238nam a22002777a 4500
001 - CONTROL NUMBER
control field 1143827
003 - CONTROL NUMBER IDENTIFIER
control field OSt
005 - DATE AND TIME OF LATEST TRANSACTION
control field 20210114091103.0
008 - FIXED-LENGTH DATA ELEMENTS--GENERAL INFORMATION
fixed length control field 161006b xxu||||| |||| 00| 0 eng d
010 ## - LIBRARY OF CONGRESS CONTROL NUMBER
LC control number 95025225
020 ## - INTERNATIONAL STANDARD BOOK NUMBER
International Standard Book Number 0792334132 (hb : acidfree paper)
040 ## - CATALOGING SOURCE
Original cataloging agency MMU
Transcribing agency MMU
Modifying agency MMU
Language of cataloging eng
050 00 - LIBRARY OF CONGRESS CALL NUMBER
Classification number S587.5.N5
Item number S95 1994
245 10 - TITLE STATEMENT
Title Management of biological nitrogen fixation for the development of more productive and sustainable agricultural systems :
Remainder of title extended versions of papers presented at the Symposium on Biological Nitrogen Fixation for Sustainable Agriculture at the 15th Congress of Soil Science, Acapulco, Mexico, 1994 /
Statement of responsibility, etc. edited by J.K. Ladha and M.B. Peoples.
260 ## - PUBLICATION, DISTRIBUTION, ETC. (IMPRINT)
Place of publication, distribution, etc. Dordrecht ;
-- Boston :
Name of publisher, distributor, etc. Kluwer Academic Publishers,
Date of publication, distribution, etc. c1995.
300 ## - PHYSICAL DESCRIPTION
Extent 287 p. :
Other physical details ill. ;
Dimensions 27 cm.
440 #0 - SERIES STATEMENT/ADDED ENTRY--TITLE
Title Developments in plant and soil sciences ;
Volume/sequential designation v. 65
500 ## - GENERAL NOTE
General note Includes bibliographical references and index.
650 #0 - SUBJECT ADDED ENTRY--TOPICAL TERM
Topical term or geographic name as entry element Nitrogen in agriculture
General subdivision Congresses.
650 #0 - SUBJECT ADDED ENTRY--TOPICAL TERM
Topical term or geographic name as entry element Nitrogen
General subdivision Fixation
-- Congresses.
650 #0 - SUBJECT ADDED ENTRY--TOPICAL TERM
Topical term or geographic name as entry element Cropping systems
General subdivision Congresses.
650 #0 - SUBJECT ADDED ENTRY--TOPICAL TERM
Topical term or geographic name as entry element Sustainable agriculture
General subdivision Congresses.
700 1# - ADDED ENTRY--PERSONAL NAME
Personal name Ladha, J. K.
Fuller form of name (Jagdish Kumar),
Dates associated with a name 1952-
700 1# - ADDED ENTRY--PERSONAL NAME
Personal name Peoples, M. B.
942 ## - ADDED ENTRY ELEMENTS (KOHA)
Source of classification or shelving scheme Library of Congress Classification
Koha item type SL
Holdings
Withdrawn status Lost status Source of classification or shelving scheme Damaged status Not for loan Home library Current library Date acquired Source of acquisition Total Checkouts Full call number Barcode Date last seen Price effective from Koha item type
    Library of Congress Classification     Maasai Mara University Library -Main Campus Maasai Mara University Library -Main Campus 10/06/2016 Donation   S587.5.N5S95 1994 201618019 10/06/2016 10/06/2016 SL
© 2016 Maasai Mara University.